"The scriptures are divine charms": evil, books, and textuality in early christianity
| Main Author: | |
|---|---|
| Format: | Print Article |
| Language: | English |
| Check availability: | HBZ Gateway |
| Interlibrary Loan: | Interlibrary Loan for the Fachinformationsdienste (Specialized Information Services in Germany) |
| Published: |
[2016]
|
| In: |
Evil in Second Temple Judaism and Early Christianity
Year: 2016, Pages: [321]-339 |
| Further subjects: | B
Apocalypticism
B Evil B Redemption |
MARC
| LEADER | 00000caa a2200000 c 4500 | ||
|---|---|---|---|
| 001 | 1540934543 | ||
| 003 | DE-627 | ||
| 005 | 20230130142040.0 | ||
| 007 | tu | ||
| 008 | 160622s2016 xx ||||| 00| ||eng c | ||
| 020 | |a 9783161532993 | ||
| 035 | |a (DE-627)1540934543 | ||
| 035 | |a (DE-576)470934549 | ||
| 035 | |a (DE-599)BSZ470934549 | ||
| 040 | |a DE-627 |b ger |c DE-627 |e rda | ||
| 041 | |a eng | ||
| 084 | |a 1 |a 0 |2 ssgn | ||
| 100 | 1 | |e VerfasserIn |0 (DE-588)136945392 |0 (DE-627)600276597 |0 (DE-576)306399199 |4 aut |a Keith, Chris |d 1980- | |
| 109 | |a Keith, Chris 1980- | ||
| 245 | 1 | 5 | |a "The scriptures are divine charms" |b evil, books, and textuality in early christianity |c Chris Keith |
| 264 | 1 | |c [2016] | |
| 336 | |a Text |b txt |2 rdacontent | ||
| 337 | |a ohne Hilfsmittel zu benutzen |b n |2 rdamedia | ||
| 338 | |a Band |b nc |2 rdacarrier | ||
| 650 | 0 | 7 | |0 (DE-588)4007524-2 |0 (DE-627)104162554 |0 (DE-576)208870830 |a Das Böse |2 gnd |
| 650 | 0 | 7 | |0 (DE-588)4015317-4 |0 (DE-627)106337149 |0 (DE-576)20891126X |a Erlösung |2 gnd |
| 650 | 0 | 7 | |0 (DE-588)4002431-3 |0 (DE-627)104107065 |0 (DE-576)208847049 |a Apokalyptik |2 gnd |
| 773 | 0 | 8 | |i Enthalten in |a Evil in Second Temple Judaism and Early Christianity (Veranstaltung : 2014 : Twickenham) |t Evil in Second Temple Judaism and Early Christianity |d Tübingen : Mohr Siebeck, 2016 |g (2016), Seite [321]-339 |h VIII, 417 Seiten |w (DE-627)861382749 |w (DE-576)470494824 |z 9783161532993 |7 nnam |
| 773 | 1 | 8 | |g year:2016 |g pages:[321]-339 |
| 889 | |w (DE-576)519932749 | ||
| 889 | |w (DE-627)1589932749 | ||
| 935 | |a BIIN | ||
| 951 | |a AR | ||
| BIB | |a 1 | ||
| ELC | |b 1 | ||
| ITA | |a 1 |t 1 | ||
| LOK | |0 000 xxxxxcx a22 zn 4500 | ||
| LOK | |0 001 3060168717 | ||
| LOK | |0 003 DE-627 | ||
| LOK | |0 004 1540934543 | ||
| LOK | |0 005 20231119125519 | ||
| LOK | |0 008 190311||||||||||||||||ger||||||| | ||
| LOK | |0 035 |a (DE-Tue135-1)244294 | ||
| LOK | |0 040 |a DE-Tue135-1 |c DE-627 |d DE-Tue135-1 | ||
| LOK | |0 852 |a DE-Tue135-1 | ||
| LOK | |0 852 1 |m p |9 00 | ||
| LOK | |0 852 2 |b FTH 206-F86 KEIT |9 00 | ||
| LOK | |0 8564 |u https://bibsearch.uibk.ac.at/AC13233948 | ||
| LOK | |0 935 |a iSWA | ||
| LOK | |0 938 |k p | ||
| LOK | |0 939 |a 11-03-19 |b l12 | ||
| ORI | |a SA-MARC-ixtheoa001.raw | ||
| REL | |a 1 | ||
| STA | 0 | 0 | |a Apocalypticism,Apocalypticism,Evil,Evil,Redemption,Redemption,Salvation |
| STB | 0 | 0 | |a Apocalyptique,Apocalyptique,Le mal,Rédemption,Rédemption |
| STC | 0 | 0 | |a Apocalíptica,Apocalíptica,El malo,Redención,Redención |
| STD | 0 | 0 | |a Apocalittica,Apocalittica,Letteratura apocalittica,Letteratura apocalittica,Il male,Redenzione,Redenzione |
| STE | 0 | 0 | |a 圣经启示文学,圣经启示文学,救赎,救赎,解放,拯救,解放,拯救,罪恶,恶,邪恶,罪恶,恶,邪恶 |
| STF | 0 | 0 | |a 救贖,救贖,解放,拯救,解放,拯救,罪惡,惡,邪惡,罪惡,惡,邪惡,聖經啟示文學,聖經啟示文學 |
| STG | 0 | 0 | |a Apocalíptica,Apocalíptica,O mal,Redenção,Redenção |
| STH | 0 | 0 | |a Апокалиптика (мотив),Апокалиптика,Зло,Спасение (мотив),Спасение |
| STI | 0 | 0 | |a Αποκαλυπτική (μοτίβο),Αποκαλυπτική,Αποκαλυπτική Λογοτεχνία,Λύτρωση <μοτίβο>,Λύτρωση,Σωτηρία,Σωτηρία (μοτίβο),Το Κακό |
| SUB | |a BIB |a REL | ||
| SYE | 0 | 0 | |a Das Böse , Prophetie,Apokalyptische Literatur |



